000 02216nam a22003017a 4500
999 _c57953
_d57953
003 Ge_BSU
005 20210407172225.0
008 210407s1969 ge ||||| |||| 00| 0 geo d
041 _ageo
080 _a581.9(479.22)(083.71) ს-32
245 _aსაქართველოს მცენარეების სარკვევი :
_bტ. 2 /
_c[მთ. რედ. : ნ. კეცხოველი ; პასუხისმგებელი რედ. : ა. ხარაძე, შ. ქუთათელაძე ; ტომის შემდგ. : ი. თუმაჯანოვი, ო. კაპელერი, ლ. კემულარია-ნათაძე და სხვ. ; საქ. სსრ მეცნ. აკად., ბოტანიკის ინ-ტი.
264 _aთბილისი :
_bმეცნიერება,
_c 1969.
300 _a508 გვ.
_b26 სმ.
500 _aთავფურცელი ქართულ და რუსულ ენაზე
501 _aსაძიებლები : გვ. 496-506
653 _a საქართველოს მცენარეები
653 _a საქართველოს ფლორა
653 _aბოტანიკა
653 _aსაძიებელი
700 _aკეცხოველი, ნ
_eმთავარი რედაქტორი
_911150
700 _a ხარაძე, ა
_eპასუხისმგებელი რედაქტორი
_911161
700 _aქუთათელაძე, შ
_eპასუხისმგებელი რედაქტორი
_911162
700 _aთუმაჯანოვი, ი
_eტომის შემდგენელი
_911163
700 _a კაპელერი, ო
_eტომის შემდგენელი
_911164
700 _aკემულარია-ნათაძე, ლ
_eტომის შემდგენელი
_911165
710 _a საქართველოს სსრ მეცნიერებათა აკადემია, ბოტანიკის ინსტიტუტი.
_911166
942 _2udc
_cBK